¿Qué significa socialismo hoy? Revolución recuperadora y necesidad de revisión de la izquierda /
সংরক্ষণ করুন:
| প্রধান লেখক: | |
|---|---|
| বিন্যাস: | পাঠ্য |
| বিষয়গুলি: | |
| ট্যাগগুলো: |
ট্যাগ যুক্ত করুন
কোনো ট্যাগ নেই, প্রথমজন হিসাবে ট্যাগ করুন!
|
MARC
| LEADER | 00000 a a2200000 04500 | ||
|---|---|---|---|
| 001 | 4251 | ||
| 003 | |||
| 040 | |||
| 090 | |a REV0229 (52) 1992 | ||
| 100 | |a Habermas, Jürgen | ||
| 245 | |a ¿Qué significa socialismo hoy? Revolución recuperadora y necesidad de revisión de la izquierda / |c Jürgen Habermas | ||
| 650 | |a SISTEMAS ECONOMICOS | ||
| 650 | |a SOCIALISMO | ||
| 650 | |a LIBERALISMO | ||
| 650 | |a DUALISMO ECONOMICO | ||
| 650 | |a SOCIEDAD | ||
| 650 | |a SISTEMA SOCIAL | ||
| 650 | |a PLURALISMO | ||
| 773 | |g número 52; páginas 7-37 | ||
| 999 | |c 27185 |d 27185 | ||
